[Event "Manizales op 28th"]
[Site "Manizales"]
[Date "2023.01.08"]
[Round "6"]
[White "Puerta Rendon, Josue"]
[Black "Echavarria, Jorge Ivan"]
[Result "1-0"]
[WhiteElo "1508"]
[BlackElo "1452"]
[PlyCount "55"]
[EventDate "2023.01.05"]
[EventType "swiss"]
[EventRounds "8"]
[EventCountry "COL"]
[SourceTitle "CBM 212 Extra"]
[Source "ChessBase"]
[SourceDate "2023.03.31"]
[SourceVersion "1"]
[SourceVersionDate "2023.03.31"]
[SourceQuality "1"]

1. d4 Nf6 2. c4 e6 3. g3 d6 4. Nf3 Nbd7 5. Bg2 Be7 6. 0-0 0-0 7. Nc3 Rb8 8. b3 b6 9. Bb2 Bb7 10. Qc2 c5 11. Rfd1 cxd4 12. Nxd4 Bxg2 13. Kxg2 Rc8 14. Ndb5 d5 15. Nxa7 Rc5 16. Ba3 Rxc4 17. Bxe7 Rxc3 18. Qxc3 Qxe7 19. Nc6 Qd6 20. Rac1 Nc5 21. Ne5 Nfe4 22. Qd4 f6 23. Nf3 Rd8 24. Nd2 e5 25. Nxe4 Nxe4 26. Qa4 d4 27. Rc6 Qd5 28. Qc4 1-0

[Event "Manizales op 28th"]
[Site "Manizales"]
[Date "2023.01.06"]
[Round "2"]
[White "Echavarria, Jorge Ivan"]
[Black "Trujillo, Luis Angel"]
[Result "0-1"]
[WhiteElo "1452"]
[BlackElo "1632"]
[PlyCount "76"]
[EventDate "2023.01.05"]
[EventType "swiss"]
[EventRounds "8"]
[EventCountry "COL"]
[SourceTitle "CBM 212 Extra"]
[Source "ChessBase"]
[SourceDate "2023.03.31"]
[SourceVersion "1"]
[SourceVersionDate "2023.03.31"]
[SourceQuality "1"]

1. d4 d5 2. f4 Nf6 3. g3 Bf5 4. Bg2 e6 5. Nf3 Be7 6. e3 Nbd7 7. Nbd2 c5 8. c3 Ng4 9. Nb1 h5 10. Ne5 Ndxe5 11. fxe5 h4 12. Qa4+ Kf8 13. h3 Nh6 14. g4 Bd3 15. Nd2 b5 16. Qd1 c4 17. e4 Qd7 18. exd5 exd5 19. Qf3 Rd8 20. Bf1 Bc2 21. Be2 Bg5 22. 0-0 Qe6 23. b3 Kg8 24. bxc4 bxc4 25. a3 Kh7 26. Ra2 Bg6 27. Rb2 Rb8 28. Rb4 a5 29. Ra4 Ra8 30. Nb3 Be4 31. Qf2 cxb3 32. Bxg5 b2 33. Bxh6 Qxh6 34. Bf3 b1Q 35. Rxb1 Bxb1 36. Bxd5 Qc1+ 37. Kg2 Rab8 38. Qxh4+ Kg6 0-1

[Event "Manizales op 28th"]
[Site "Manizales"]
[Date "2023.01.05"]
[Round "1"]
[White "Calle, Edwin Fernando"]
[Black "Echavarria, Jorge Ivan"]
[Result "1-0"]
[WhiteElo "1890"]
[BlackElo "1452"]
[PlyCount "55"]
[EventDate "2023.01.05"]
[EventType "swiss"]
[EventRounds "8"]
[EventCountry "COL"]
[SourceTitle "CBM 212 Extra"]
[Source "ChessBase"]
[SourceDate "2023.03.31"]
[SourceVersion "1"]
[SourceVersionDate "2023.03.31"]
[SourceQuality "1"]

1. e4 c5 2. Nf3 d6 3. c3 a6 4. Bc4 e6 5. 0-0 b5 6. Bb3 Nf6 7. Re1 Bb7 8. Bc2 Be7 9. d4 cxd4 10. cxd4 0-0 11. Nc3 Nbd7 12. Bg5 Rc8 13. Qd3 g6 14. a3 Nb6 15. Nd2 Nc4 16. Nxc4 Rxc4 17. Bb3 Rc7 18. Rad1 Ng4 19. Bc1 Bh4 20. g3 Bg5 21. f4 Be7 22. h3 Nf6 23. f5 d5 24. e5 Ne4 25. f6 Bxa3 26. Nxe4 dxe4 27. Qe3 Kh8 28. bxa3 1-0

[Event "Manizales op 26th"]
[Site "Manizales"]
[Date "2017.01.06"]
[Round "5"]
[White "Guevara Acosta, Brahian Alejandro"]
[Black "Echavarria, Jorge Ivan"]
[Result "1-0"]
[WhiteElo "1306"]
[BlackElo "1464"]
[PlyCount "77"]
[EventDate "2017.01.04"]
[EventType "swiss"]
[EventRounds "9"]
[EventCountry "COL"]
[SourceTitle "CBM 176 Extra"]
[Source "ChessBase"]
[SourceDate "2017.03.02"]
[SourceVersion "1"]
[SourceVersionDate "2017.03.02"]
[SourceQuality "1"]

1. e4 c5 2. Nf3 d6 3. Bb5+ Bd7 4. Bxd7+ Nxd7 5. c3 e5 6. d3 Ngf6 7. Bg5 Be7 8. 0-0 0-0 9. h3 Nd5 10. Bxe7 Nxe7 11. Nbd2 Ng6 12. Re1 Nf4 13. Nf1 Qf6 14. Ng3 Rfd8 15. Qc2 Nf8 16. Rad1 h5 17. Kh2 h4 18. Nf5 N8e6 19. N3xh4 g6 20. g3 gxf5 21. Nxf5 Ng5 22. gxf4 Nf3+ 23. Kh1 Nxe1 24. Rxe1 Kh8 25. fxe5 Qxe5 26. Qe2 Kg8 27. Qg4+ Kf8 28. Rg1 Ke8 29. Qg8+ Kd7 30. Qxf7+ Kc6 31. Rg7 Rab8 32. Ne7+ Kb6 33. Qb3+ Ka6 34. Qa4+ Kb6 35. Nd5+ Qxd5 36. exd5 Rh8 37. Qb3+ Ka6 38. c4 b5 39. Qa3+ 1-0

[Event "Manizales-ch"]
[Site "Manizales"]
[Date "2016.09.07"]
[Round "3"]
[White "Rengifo Jaramillo, David"]
[Black "Echavarria, Jorge Ivan"]
[Result "1/2-1/2"]
[WhiteElo "1829"]
[BlackElo "1396"]
[PlyCount "81"]
[EventDate "2016.09.05"]
[EventType "swiss"]
[EventRounds "9"]
[EventCountry "COL"]
[SourceTitle "CBM 174 Extra"]
[Source "ChessBase"]
[SourceDate "2016.10.10"]
[SourceVersion "1"]
[SourceVersionDate "2016.10.10"]
[SourceQuality "1"]

1. e4 c5 2. Nc3 a6 3. g3 d6 4. Bg2 e5 5. d3 Nf6 6. a4 Be7 7. f4 Bg4 8. Nf3 0-0 9. 0-0 Nc6 10. h3 Bxf3 11. Bxf3 Nd4 12. Bg2 b5 13. fxe5 dxe5 14. Nd5 b4 15. c3 Nc6 16. Be3 bxc3 17. bxc3 Rb8 18. Nxf6+ Bxf6 19. Bxc5 Be7 20. Be3 Na5 21. Rb1 Qd7 22. Qc2 Rfd8 23. Bb6 Nc6 24. Bxd8 Rxd8 25. Rfd1 Rc8 26. Qb3 Rb8 27. Qd5 Qc7 28. Rxb8+ Nxb8 29. Rb1 Nc6 30. d4 exd4 31. cxd4 Nxd4 32. Rb7 Ne2+ 33. Kf2 Qxg3+ 34. Kxe2 Qxg2+ 35. Kd1 Qf3+ 36. Kc2 Qe2+ 37. Kb1 Qe1+ 38. Ka2 Qe2+ 39. Kb3 Qe3+ 40. Kc2 Qe2+ 41. Kc3 1/2-1/2

[Event "Villamaria op 2nd"]
[Site "Villamaria"]
[Date "2016.07.04"]
[Round "7"]
[White "Becerra Fonseca, Camila Andrea"]
[Black "Echavarria, Jorge Ivan"]
[Result "0-1"]
[WhiteElo "1324"]
[BlackElo "1599"]
[PlyCount "74"]
[EventDate "2016.07.02"]
[EventType "swiss"]
[EventRounds "7"]
[EventCountry "COL"]
[SourceTitle "CBM 173 Extra"]
[Source "ChessBase"]
[SourceDate "2016.08.29"]
[SourceVersion "1"]
[SourceVersionDate "2016.08.29"]
[SourceQuality "1"]

1. d4 Nf6 2. Nf3 e6 3. c4 Bb4+ 4. Nc3 c5 5. dxc5 Bxc5 6. h3 0-0 7. e4 d6 8. a3 Nc6 9. b4 Bb6 10. Bd3 Nd4 11. 0-0 e5 12. Na4 Nxf3+ 13. Qxf3 Bd4 14. Bb2 Bxb2 15. Nxb2 b6 16. Nd1 Bb7 17. Nc3 a6 18. Rad1 Qe7 19. Rfe1 Rac8 20. Qe2 g6 21. c5 dxc5 22. Bxa6 cxb4 23. axb4 Rxc3 24. Bb5 Qxb4 25. Rb1 Rb3 26. Rbd1 Qxb5 27. Qc2 Rc8 28. Qd2 Rb2 29. Qg5 Kg7 30. Re3 Rb1 31. Rf3 Rxd1+ 32. Kh2 Rd6 33. h4 Bxe4 34. Rg3 h6 35. Qe3 Rd3 36. Qe2 Qc4 37. h5 Rxg3 0-1

[Event "Villamaria op 2nd"]
[Site "Villamaria"]
[Date "2016.07.03"]
[Round "3"]
[White "Pena, Julian Felipe"]
[Black "Echavarria, Jorge Ivan"]
[Result "1-0"]
[WhiteElo "1652"]
[BlackElo "1599"]
[PlyCount "59"]
[EventDate "2016.07.02"]
[EventType "swiss"]
[EventRounds "7"]
[EventCountry "COL"]
[SourceTitle "CBM 173 Extra"]
[Source "ChessBase"]
[SourceDate "2016.08.29"]
[SourceVersion "1"]
[SourceVersionDate "2016.08.29"]
[SourceQuality "1"]

1. e4 c5 2. Nf3 d6 3. d4 cxd4 4. Nxd4 Nf6 5. Nc3 a6 6. Be2 b5 7. a3 Bb7 8. f3 e6 9. Be3 Be7 10. Qd2 0-0 11. g4 Nc6 12. 0-0-0 Rc8 13. Kb1 Ne5 14. Nb3 Nc4 15. Bxc4 Rxc4 16. Ne2 Nxg4 17. Rhg1 Ne5 18. Bd4 Bf6 19. Qe3 Qa8 20. Na5 Rfc8 21. Nxc4 Rxc4 22. Nf4 Kf8 23. Nh5 Nxf3 24. Bxf6 Bxe4 25. Bxg7+ Ke8 26. Nf6+ Ke7 27. Nxe4 Nxg1 28. Bf6+ Kd7 29. Rxd6+ Kc7 30. Qb6+ 1-0

[Event "Manizales op 21st"]
[Site "Manizales"]
[Date "2009.01.09"]
[Round "2"]
[White "Sanchez, Jhon Henry"]
[Black "Echavarria, Jorge Ivan"]
[Result "0-1"]
[WhiteElo "1600"]
[BlackElo "1602"]
[PlyCount "56"]
[EventDate "2009.01.08"]
[EventType "swiss"]
[EventRounds "7"]
[EventCountry "COL"]
[SourceTitle "CBM 128 Extra"]
[Source "ChessBase"]
[SourceDate "2009.03.05"]
[SourceVersion "2"]
[SourceVersionDate "2009.03.25"]
[SourceQuality "1"]

1. d4 d5 2. c4 Nf6 3. cxd5 Nxd5 4. e4 Nf6 5. Nc3 a6 6. Nf3 Bg4 7. Be2 e6 8. Bg5 Be7 9. 0-0 0-0 10. Rc1 c6 11. h3 Bxf3 12. Bxf3 h6 13. Bh4 Nbd7 14. Qb3 Qb6 15. Qxb6 Nxb6 16. Rfd1 Rad8 17. Bg3 Rd7 18. e5 Nfd5 19. Ne4 f5 20. exf6 Nxf6 21. Nc5 Bxc5 22. dxc5 Rxd1+ 23. Rxd1 Nbd5 24. Bd6 Rf7 25. Re1 Nb4 26. a3 Nc2 27. Rd1 Nd5 28. Rd2 Ne1 0-1